000 00579nam a2200241 a 4500
001 nice12345678
003 IN_TiNIC
005 20260116011400.0
008 050524s1924 azaa grp 000 0 urd
020 _a
_c100
082 0 0 _a181.07
_bANS1
100 _aAnsari, Md Younus
245 _aIbn-E-Rushd
260 _aAzamgarh
_bMatba Maarif
_c1924
300 _a389p
500 _aincludes index and biblioraphy
505 2 _aPlus Some Other Tracts
650 _aPhilosophy-Islamic
700 1 _aAnsari, Md Younus
902 _bSRS
942 _cBK
999 _c1047
_d1047